Every Song by Pearl Jam - Statistics

General Stats
  • This quiz has been taken 791 times
    555 since last reset
  • The average score is 58 of 195
Answer Stats
Album Song % Correct
Ten(1991) Even Flow
92%
Ten(1991) Alive
91%
Ten(1991) Black
90%
Ten(1991) Jeremy
90%
Vs.(1993) Daughter
79%
Ten(1991) Oceans
73%
Ten(1991) Once
73%
Vitalogy(1994) Better Man
71%
Ten(1991) Garden
70%
Vs.(1993) Go
69%
Vs.(1993) Rearviewmirror
68%
Lost Dogs(2003) Yellow Ledbetter
67%
Ten(1991) Porch
66%
Ten(1991) Why Go
66%
Vs.(1993) Animal
64%
Ten(1991) Release
64%
Dark Matter(2024) Dark Matter
61%
Vitalogy(1994) Corduroy
56%
Vs.(1993) Elderly Woman Behind the Counter in a Small Town
56%
Yield(1998) Given to Fly
55%
Ten(1991) Deep
54%
Vs.(1993) Dissident
51%
Vitalogy(1994) Nothingman
51%
Yield(1998) Do the Evolution
50%
Vitalogy(1994) Spin the Black Circle
50%
Backspacer(2009) Just Breathe
49%
Vs.(1993) Rats
48%
Vitalogy(1994) Immortality
47%
Lightning Bolt(2013) Lightning Bolt
47%
Vs.(1993) Indifference
46%
Vs.(1993) Leash
46%
Vs.(1993) Glorified G
45%
No Code(1996) Hail, Hail
45%
Vs.(1993) W.M.A.
44%
Vitalogy(1994) Bugs
43%
Riot Act(2002) I Am Mine
43%
Vitalogy(1994) Not for You
43%
Yield(1998) Brain of J.
42%
Lightning Bolt(2013) Sirens
42%
Vs.(1993) Blood
41%
No Code(1996) Lukin
41%
Merkin Ball(1996) I Got Id
40%
No Code(1996) Smile
40%
Vitalogy(1994) Tremor Christ
39%
Yield(1998) Wishlist
39%
Rearviewmirror(Greatest Hits 1991–2003)(2004) Breath
38%
Vitalogy(1994) Last Exit
38%
No Code(1996) Off He Goes
38%
No Code(1996) Present Tense
37%
Backspacer(2009) The Fixer
37%
Yield(Bonus)(1998) U
37%
No Code(1996) In My Tree
36%
No Code(1996) Red Mosquito
36%
No Code(1996) Sometimes
36%
Vitalogy(1994) Whipping
36%
Vitalogy(1994) Satan's Bed
35%
Ten(Bonus)(1991) State of Love and Trust
35%
Dark Matter(2024) Waiting for Stevie
35%
Gigaton(2020) Dance of the Clairvoyants
34%
Yield(1998) Faithfull
34%
Vitalogy(1994) Hey Foxymophandlemama, That's Me
34%
Yield(1998) In Hiding
34%
No Code(1996) Mankind
34%
Dark Matter(2024) Wreckage
34%
Yield(1998) All Those Yesterdays
33%
No Code(1996) Around the Bend
33%
Binaural(2000) Light Years
33%
Binaural(2000) Nothing as It Seems
33%
Binaural(2000) Breakerfall
32%
Yield(1998) MFC
32%
Pearl Jam(2006) World Wide Suicide
32%
Riot Act(2002) Love Boat Captain
31%
No Code(1996) Who You Are
31%
Yield(1998) Low Light
30%
Dark Matter(2024) Running
30%
Riot Act(2002) Bu$hleaguer
29%
No Code(1996) Habit
29%
Backspacer(2009) Johnny Guitar
29%
Merkin Ball(1996) Long Road
29%
Riot Act(2002) 1/2 Full
28%
Lost Dogs(2003) Footsteps
28%
Yield(1998) No Way
28%
Yield(1998) Push Me, Pull Me
28%
Dark Matter(2024) Setting Sun
28%
Vitalogy(1994) Aye Davanita
27%
Ten(Bonus)(1991) Dirty Frank
27%
Binaural(2000) Insignificance
27%
Yield(1998) Pilate
27%
Vitalogy(1994) Pry, To
27%
Dark Matter(2024) React, Respond
27%
Binaural(2000) Rival
27%
Gigaton(2020) Superblood Wolfmoon
27%
No Code(1996) I'm Open
26%
Pearl Jam(2006) Life Wasted
26%
Lightning Bolt(2013) Mind Your Manners
26%
Riot Act(2002) Can't Keep
25%
Pearl Jam(2006) Come Back
25%
Riot Act(2002) Cropduster
25%
Binaural(2000) God's Dice
25%
Dark Matter(2024) Something Special
25%
Riot Act(2002) Save You
24%
Dark Matter(2024) Scared of Fear
24%
Dark Matter(2024) Upper Hand
24%
Backspacer(2009) Amongst the Waves
23%
Lightning Bolt(2013) Future Days
23%
Binaural(2000) Of the Girl
23%
Backspacer(2009) The End
23%
Backspacer(2009) Unthought Known
23%
Lost Dogs(2003) You
23%
Ten(Bonus)(1991) Brother
22%
Rearviewmirror(Greatest Hits 1991–2003)(2004) Man of the Hour
22%
Riot Act(2002) Thumbing My Way
22%
Ten(Bonus)(1991) Wash
22%
Pearl Jam(2006) Army Reserve
21%
Binaural(Bonus)(2000) Down
21%
Backspacer(2009) Got Some
21%
Dark Matter(2024) Got to Give
21%
Riot Act(2002) Green Disease
21%
Binaural(2000) Parting Ways
21%
Lightning Bolt(2013) Pendulum
21%
Pearl Jam(2006) Severed Hand
21%
Riot Act(2002) All or None
20%
Riot Act(2002) Arc
20%
Lightning Bolt(2013) Getaway
20%
Riot Act(2002) Ghost
20%
Backspacer(2009) Gonna See My Friend
20%
Binaural(2000) Grievance
20%
Lightning Bolt(2013) My Father's Son
20%
Gigaton(2020) Quick Escape
20%
Lightning Bolt(2013) Yellow Moon
20%
Vs.(Bonus)(1994) Cready Stomp
19%
Binaural(2000) Evacuation
19%
Pearl Jam(2006) Gone
19%
Pearl Jam(2006) Inside Job
19%
Yield(Bonus)(1998) Leatherman
19%
Pearl Jam(2006) Marker in the Sand
19%
Gigaton(2020) River Cross
19%
Backspacer(2009) Supersonic
19%
Pearl Jam(2006) Wasted Reprise
19%
Riot Act(2002) You Are
19%
Lost Dogs(2003) Bee Girl
18%
Pearl Jam(2006) Big Wave
18%
Backspacer(2009) Force of Nature
18%
Lightning Bolt(2013) Infallible
18%
Pearl Jam(2006) Parachutes
18%
Lost Dogs(2003) Sad
18%
Gigaton(2020) Seven O'Clock
18%
Backspacer(2009) Speed of Sound
18%
Binaural(2000) Thin Air
18%
Lost Dogs(2003) Alone
17%
Lost Dogs(2003) Education
17%
Lightning Bolt(2013) Sleeping by Myself
17%
Pearl Jam(2006) Unemployable
17%
Gigaton(2020) Who Ever Said
17%
Dark Matter(2024) Won't Tell
17%
Pearl Jam(2006) Comatose
16%
Lost Dogs(2003) Hold On
16%
Gigaton(2020) Retrograde
16%
Binaural(2000) Soon Forget
16%
Gigaton(2020) Alright
15%
Lost Dogs(2003) Black, Red, Yellow
15%
Lightning Bolt(2013) Let the Records Play
15%
Binaural(2000) Sleight of Hand
15%
Non-Album(2018) Can't Deny Me
14%
Lost Dogs(2003) Gremmie Out of Control
14%
Lost Dogs(2003) Hard to Imagine
14%
Riot Act(2002) Help Help
14%
Ten(Bonus)(1991) Just a Girl
14%
Gigaton(2020) Never Destination
14%
Lost Dogs(2003) Strangest Tribe
14%
Lightning Bolt(2013) Swallowed Whole
14%
Gigaton(2020) Take the Long Way
14%
Yield(1998) The Color Red
14%
Binaural(Bonus)(2000) Undone
14%
Gigaton(2020) Buckle Up
13%
Gigaton(2020) Comes Than Goes
13%
Lost Dogs(2003) Drifting
13%
Ten(Bonus)(1991) Evil Little Goat
13%
Lost Dogs(2003) Fatal
12%
Riot Act(2002) Get Right
12%
Lost Dogs(2003) Let Me Sleep
12%
Ten(Bonus)(1991) 2,000 Mile Blues
10%
Lost Dogs(2003) All Night
10%
Lost Dogs(2003) Whale Song
10%
Lost Dogs(2003) Don't Gimme No Lip
9%
Yield(Hidden)(1998) Hummus
9%
Lost Dogs(2003) Leaving Here
9%
Lost Dogs(2003) Dead Man
8%
Lost Dogs(2003) Hitchhiker
8%
Lost Dogs(2003) In the Moonlight
8%
Lost Dogs(2003) Sweet Lew
8%
Riot Act(Bonus)(2002) The Other Side
8%
Ten(Bonus)(1991) Breath and a Scream
7%
Ten(Bonus)(1991) Master/Slave
7%
Binaural(Hidden)(2000) Writer's Block
6%
No matching quizzes found
Score Distribution
Percent of People with Each Score
Percentile by Number Answered
Your Score History
You have not taken this quiz since the last reset